000 00461nam a2200181 a 4500
001 1757068372592
003 ACL
005 20250905160700.0
008 250905s2007##################000#0#eng##
020 _a9780195301779
082 0 4 _a781
_bCAD
100 1 _aCadwallader, Allen Clayton,
_eauthor.
245 1 0 _aAnalysis of Tonal Music :
260 _bOxford University Press, USA,
_c2007.
650 0 _aMusic.
942 _cENGLISH
040 _aACL
_beng
_cACL
999 _c585448
_d585448